| 000 | 01120ncm a2200313 c 4500 | ||
|---|---|---|---|
| 999 |
_c322242 _d322242 |
||
| 003 | BLK | ||
| 005 | 20250329160042.0 | ||
| 008 | 180414b bul |a|er|||| |0| c|bulo| | ||
| 010 | _aNOT00004147000 | ||
| 040 | _aBLK | ||
| 041 |
_aBUL _cBUL |
||
| 080 |
_aТромпет. Учебна л-ра. Етюди, гами, школи _b788.1.087.5 _z788.1.087.5 |
||
| 100 | 1 |
_aКарел-Стари, Кирил _eпърви автор _9363245 |
|
| 139 |
_aКарел-Стари, Кирил _bК 39 |
||
| 245 | 1 | 0 |
_aРитмични упражнения за духови инструменти _cКирил Карел-Стари. |
| 257 | _aCHE | ||
| 260 |
_bНаука и изкуство _c1969 |
||
| 300 |
_a60 с. _c31 см |
||
| 380 | _a7 | ||
| 650 | 0 |
_aДухови музикални инструменти _9275013 |
|
| 653 | _aдухови инструменти | ||
| 852 |
_aЦб М ІІ 4837 _p0 |
||
| 856 | 4 |
_qpdf _u |
|
| 856 | 4 |
_qpdf _u |
|
| 942 |
_cNOT _n0 _s1 |
||
| 944 |
_aCR _c24.10.2017 _k30560 _lГеновева Генчева |
||
| 944 |
_aED _c22.12.2017 _kИрена_Линкова |
||
| 999 | _d322242 | ||